Distribution par images - Les Bronzés 3 : Amis pour la vie - Statistiques

Statistiques générales
  • Ce quiz a été pris 38 fois
  • Le résultat moyen est 7 sur 9
Statistiques - réponses
Par images Hint Réponse % Correct
Bernard Morin Gérard Jugnot
100%
Jean-Claude Dusse Michel Blanc
94%
Robert Lespinasse Thierry Lhermitte
91%
Jérôme Tarayre Christian Clavier
88%
Nathalie Morin Josiane Balasko
88%
Gisèle André Marie-Anne Chazel
88%
Christiane Weissmuller Dominique Lavanant
62%
Miguel Weissmuller Martin Lamotte
59%
Gilbert Jambier Bruno Moynot
26%
Aucun quiz correspondant
Distribution des résultats
% des personnes avec chaque résultat
Percentile par nombre de réponses
Votre historique - résultats
Vous n’avez pas pris ce quiz